000 01634cam a2200133 4500500
005 20260405085549.0
041 _afre
042 _adc
100 1 0 _aCharpentier, Emmanuelle
_eauthor
245 0 0 _aLes campagnes françaises à l'époque moderne
260 _bArmand Colin,
_c2021.
520 _aCet ouvrage s’attache à dépeindre les campagnes françaises entre le XVIe siècle et la période révolutionnaire. Très divers, le monde rural connaît alors de profondes mutations avec le développement des liens tissés avec les villes, la croissance urbaine et l’affirmation de l’État, ainsi que le bouleversement des cadres hérités du Moyen Âge -- famille, communauté villageoise, paroisse ou seigneurie. L’auteur décrit aussi une époque d’évolutions des techniques agraires, du choix des cultures et de leur impact sur le paysage, mais aussi des stratégies économiques adoptées, selon les cas, pour survivre ou pour consolider son statut social. L'alimentation, l'habitat et les objets du quotidien permettent également d’appréhender les conditions d’une vie le plus souvent laborieuse, interrompue par des pauses à l'origine d'une sociabilité spécifique. La guerre, les crises démographiques, les risques ébranlent ce fragile équilibre et montrent la vulnérabilité des sociétés rurales. Mais face à l’adversité peuvent naître des « émotions » populaires, qui se déclinent en révoltes puis par une forte implication dans la Révolution.
856 4 1 _uhttps://shs.cairn.info/les-campagnes-francaises-a-l-epoque-moderne--9782200624552?lang=fr&redirect-ssocas=7080
999 _c2198558
_d2198558